Từ điển tâm lý

Tallennettuna:
Bibliografiset tiedot
Päätekijä: Nguyễn Khắc Viện
Aineistotyyppi: Tuntematon
Kieli:English
Julkaistu: 1991
Aiheet:
Tagit: Lisää tagi
Ei tageja, Lisää ensimmäinen tagi!
Thư viện lưu trữ: Mạng thư viện Đại học Đà Nẵng
LEADER 00960ca a2200301 4500
001 000032381
003 8466
005 20151026000000.0
008 151002s1991 vm 000 eng
041 |a eng 
082 |a 495.923  |b NG-V 
100 |a Nguyễn Khắc Viện 
245 |a Từ điển tâm lý  |c Nguyễn Khắc Viện 
260 |c 1991 
650 |a Từ điển tâm lý, Nguyễn Khắc Viện 
852 |b Đọc  |c TỪ ĐIỂN 
OWN |a LNN 
AVA |a UDN50  |b LNN  |d 495.923 NG-V  |e available  |t Error 5001 Not defined in file expand_doc_bib_avail.  |f 1  |g 0  |h N  |i 0  |k 1 
999 |a From the UDN01 
AVA |a UDN50  |b LNN  |d 495.923 NG-V  |e available  |t Error 5001 Not defined in file expand_doc_bib_avail.  |f 1  |g 0  |h N  |i 0  |k 1 
TYP |a Printed language 
980 |a Mạng thư viện Đại học Đà Nẵng